Zhou yi shu /
Saved in:
| Main Author: | |
|---|---|
| Format: | Book |
| Language: | Chinese |
| Published: |
[Taibei] :
Cheng wen chu ban she,
[Min guo 65 i.e. 1976]
|
| Edition: | Tai 1 ban. |
| Series: | Wu qiu bei zhai Yi jing ji cheng ;
126. |
| Subjects: | |
| Tags: |
Add Tag
No Tags, Be the first to tag this record!
|
| LEADER | 01648cam a2200373 i 4500 | ||
|---|---|---|---|
| 001 | 007744007-2 | ||
| 005 | 20024617112705.0 | ||
| 008 | 980321s1976 ch 000 0 chi | ||
| 010 | |a 78836224 | ||
| 035 | 0 | |a ocm38767762 | |
| 040 | |a DLC |c *YNH* |d CStRLIN | ||
| 050 | 0 | 0 | |a PL2464.Z6 |b W86 vol.126 |
| 100 | 1 | |6 880-01 |a Yin, Changheng. | |
| 245 | 1 | 0 | |6 880-02 |a Zhou yi shu / |c Yin Changheng zhuan. |
| 246 | 1 | |6 880-03 |i Caption and running title of the first work: |a Yi shu | |
| 250 | |6 880-04 |a Tai 1 ban. | ||
| 260 | |6 880-05 |a [Taibei] : |b Cheng wen chu ban she, |c [Min guo 65 i.e. 1976] | ||
| 300 | |a 38, 82, 102, 120, 102 p. : |b ill. ; |c 21 cm. | ||
| 490 | 1 | |6 880-06 |a Wu qiu bei zhai Yi jing ji cheng ; |v 126 | |
| 500 | |a A collection of five reprints. | ||
| 505 | 0 | |6 880-07 |a Zhou yi shu / Yin Changheng -- Zhou yi lun lue / Chen Zhu -- Zhou yi jie ti ji qi du fa / Qian Jibo -- Yi xue zhen quan / Huang Benpu -- Yi xue hui tong / Su Yanlei. | |
| 630 | 0 | 0 | |6 880-08 |a Yi jing. |
| 880 | 1 | |6 100-01 |a 尹昌衡. | |
| 880 | 1 | 0 | |6 245-02 |a 周易[shu] / |c 尹昌衡撰. |
| 880 | 1 | |6 246-03 |i Caption and running title of the first work: |a 易[shu] | |
| 880 | |6 250-04 |a 臺1版. | ||
| 880 | |6 260-05 |a [台北] : |b 成文出版社, |c [民國65 i.e. 1976] | ||
| 880 | 1 | |6 490-06 |a 無求備齋易經集成 ; |v 126 | |
| 880 | 0 | |6 505-07 |a 周易[shu] / 尹昌衡 -- 周易論略 / 陳柱 -- 周易解題及其讀法 / 錢基博 -- 易學眞詮 / 黄本溥 -- 易學會通 / 蘇淵雷. | |
| 880 | 0 | 0 | |6 630-08 |a 易經. |
| 830 | 0 | |6 880-56 |a Wu qiu bei zhai Yi jing ji cheng ; |v 126. | |
| 880 | 0 | |6 830-56 |a 無求備齋易經集成 ; |v 126. | |
| 988 | |a 20021121 | ||
| 906 | |0 DLC | ||


